000 01770nam a2200313 a 4500
001 BRCA_2778
005 20190320203951.0
008 081208s1903----sp-a---###---#000-0#spa-u
041 _aspa
044 _asp
084 _a247
_b.M378
_c1903
100 1 _aCervantes Saavedra, Miguel de
_d1547-1616
_9213
245 1 0 _aEl Ingenioso Hidalgo Don Quijote de la Mancha
_ccompuesto por Miguel de Cervantes Saavedra.
260 _aBarcelona
_bEmilio Martínez
_c1903
300 _a18 v. en 36 t.
_bil.
_c12 cm.
500 _aContenido : v 1-9. Primera parte. Dedicatoria del autor. Prólogo del autor. Versos preliminares. Texto. -- v 10-18. Segunda parte. Dedicatoria del autor. Prólogo del autor
500 _aEdición : Dedicada al cuerpo escolar. Ilustrada por el reputado dibujante José Passos
500 _aTres defectos tiene la presente edición: Primero: haber tomado por modelo la de Hartzenbusch; segundo, el descuido en la corrección del texto que está plagado de erratas; y el tercero dividirla en igual número de tomos como letras contiene el título de la obra. Edición publicada con motivo del tercer centenario de la aparición de la primera parte del Quijote. Tela; cubiertas decoradas con un motiv cervantino Lúdovik Osterc
500 _aEstado físico : La cubierta de los volúmenes 1, 3 y 18 se encuentra ligeramente desprendida
500 _aQM129
650 1 4 _aNovela española
_yÉpoca clásica, 1500-1700
_9215
650 1 4 _aLiteratura española
_yÉpoca clásica, 1500-1700
_9216
650 1 4 _aNovela española
_ySiglo XVII
_9217
650 1 4 _aDon Quijote (Personaje ficticio)
_eNovela
_9218
700 1 _aPassos, José
_eIlustrador
_97812
740 0 _aEl Ingenioso Hidalgo Don Quijote de la Mancha
902 _aQFM
942 _2lcc
_cB
999 _c2518
_d2518